|
|
|
|
| LEADER |
02310nam a22003854i 4500 |
| 001 |
37515 |
| 003 |
BD-DhAAL |
| 005 |
20210907134303.0 |
| 008 |
171009s2018 mau b 001 0 eng c |
| 999 |
|
|
|c 43244
|d 43244
|
| 010 |
|
|
|a 2017041518
|
| 020 |
|
|
|a 9780674737563 (alk. paper)
|
| 020 |
|
|
|a 9780674241398
|
| 040 |
|
|
|a MH/DLC
|b eng
|c MH
|e rda
|d DLC
|d BD-DhAAL
|
| 042 |
|
|
|a pcc
|
| 050 |
0 |
0 |
|a JC571
|b .M8635 2018
|
| 082 |
0 |
0 |
|a 323.09
|2 23
|
| 100 |
1 |
|
|a Moyn, Samuel
|9 41115
|
| 245 |
1 |
0 |
|a Not enough :
|b human rights in an unequal world /
|c Samuel Moyn
|
| 250 |
|
|
|a First edition
|
| 260 |
|
|
|a Cambridge, Massachusetts :
|b The Belknap Press of Harvard University Press,
|c 2019
|
| 300 |
|
|
|a xii, 277 pages ;
|c 24 cm.
|
| 504 |
|
|
|a Includes bibliographical references and index.
|
| 505 |
0 |
|
|a Jacobin legacy: the origins of social justice -- National welfare and the universal declaration -- FDR's second bill -- Globalizing welfare after empire -- Basic needs and human rights -- Global ethics from equality to subsistence -- Human rights in the neoliberal maelstrom.
|
| 520 |
|
|
|a The age of human rights has been kindest to the rich. As state violations of political rights garnered attention, a commitment to material equality disappeared and market fundamentalism emerged as the dominant economic force. Samuel Moyn asks why we chose not to challenge wealth and neglected the demands of a broader social and economic justice.--
|
| 526 |
|
|
|a GenED
|
| 541 |
|
|
|a Karim International
|e 37515, 37516
|
| 650 |
|
0 |
|a Human rights
|x History.
|9 41116
|
| 650 |
|
0 |
|a Equality
|x History.
|9 41117
|
| 650 |
|
0 |
|a Welfare economics
|x History.
|9 41118
|
| 650 |
|
0 |
|a Neoliberalism
|x History.
|9 41119
|
| 852 |
|
|
|a Ayesha Abed Library
|b General Stacks
|
| 942 |
|
|
|2 ddc
|c BK
|
| 952 |
|
|
|0 0
|1 0
|2 ddc
|4 0
|6 323_090000000000000_MOY
|7 0
|9 69349
|a BRACUL
|b BRACUL
|c GEN
|d 2021-06-30
|e Karim International
|g 1980.00
|l 2
|m 16
|o 323.09 MOY
|p 3010037516
|q 2025-12-17
|r 2024-10-15
|s 2024-10-15
|t 2
|v 1980.00
|w 2021-06-30
|y BK
|x Received during COVID-19 pandemic period(cataloguing from home)
|
| 952 |
|
|
|0 0
|1 0
|2 ddc
|4 0
|6 323_090000000000000_MOY
|7 0
|9 69350
|a BRACUL
|b BRACUL
|c GEN
|d 2021-06-30
|e Karim International
|g 1980.00
|l 1
|m 9
|o 323.09 MOY
|p 3010037515
|r 2023-01-22
|s 2022-10-20
|t 1
|v 1980.00
|w 2021-06-30
|y BK
|x Received during COVID-19 pandemic period(cataloguing from home)
|